000
00254nam a2200097Ia 4500
008
240331s9999 xx 000 0 und d
082
_b
PUT
100
_a
Ilankai Mutpokku Eluthalar Sangam. ed
245
0
_a
Puthumai Ilakiyam :
_b
Ilakiyap Peraranku
942
_c
L
999
_c
4056
_d
4056